Który polski prezydent rządził wcześniej - Statystyki

Ogólne statystyki
  • Ten quiz został rozwiązany 156 razy
  • Średni wynik to 2 z 5
Statystyki odpowiedzi
Zagadnienie Odpowiedź % Poprawnych
Który Prezydent Rządził Wcześniej? Gabriel Narutowicz
89%
Który Prezydent Rządził Wcześniej? August Zaleski
33%
Który Prezydent Rządził Wcześniej? Henryk Jabłoński
33%
Który Prezydent Rządził Wcześniej? Bogdan Borusewicz
11%
Który Prezydent Rządził Wcześniej? Aleksander Kwaśniewski
0%
Nie znaleziono quizów pasujących do podanych kryteriów
Rozkład punktacji
Procent ludzi z każdym wynikiem
Percentyl według liczby udzielonych odpowiedzi
Twoja historia wyników
Nie rozwiązałeś tego quizu